| 000 | nam a22 a 4500 | ||
|---|---|---|---|
| 999 |
_c3794 _d3794 |
||
| 005 | 20170524085149.0 | ||
| 008 | 170524b1983 -us||||| |||| 00| 0 eng d | ||
| 020 | _a0139705414 | ||
| 040 | _aAKMAL | ||
| 082 | 0 | 4 | _a808.042 CAR |
| 090 |
_a808.042 _bCAR |
||
| 100 |
_aCarosso, Rebecca Burnett _97509 |
||
| 245 | _aThe Writing Connection | ||
| 260 |
_aUnited States _bPrentice-Hall, Inc _c1983 |
||
| 300 |
_a386p _c24cm |
||
| 700 |
_aStanford, Judith Dupras _97510 |
||
| 942 |
_2ddc _cBOOK |
||